Projektový manažment - priestor pre spojenie Ekonomickej univerzity s praxou
Oblasť samosprávy a regionálny rozvoj je veľmi dôležitým priestorom pre spojenie praxe s akademickou obcou. Ťažiskom tejto spolupráce môžu byť plány hospodárskeho a sociálneho rozvoja obcí a krajov, SWOT analýzy. Príprava rozvoja regiónov poskytuje priestor aj pre ďalšie výskumné činnosti po aplikác...
Gespeichert in:
| 1. Verfasser: | |
|---|---|
| Format: | Buchkapitel |
| Sprache: | Slowakisch |
| Schlagworte: | |
| Tags: |
Keine Tags, Fügen Sie das erste Tag hinzu!
|
MARC
| LEADER | 00000naa$a2200000$$$4500 | ||
|---|---|---|---|
| 001 | 0045735 | ||
| 005 | 20240502071529.1 | ||
| 041 | 0 | |a slo | |
| 044 | |a SK | ||
| 245 | 1 | 0 | |a Projektový manažment - priestor pre spojenie Ekonomickej univerzity s praxou |c Peter Filo |
| 520 | |a Oblasť samosprávy a regionálny rozvoj je veľmi dôležitým priestorom pre spojenie praxe s akademickou obcou. Ťažiskom tejto spolupráce môžu byť plány hospodárskeho a sociálneho rozvoja obcí a krajov, SWOT analýzy. Príprava rozvoja regiónov poskytuje priestor aj pre ďalšie výskumné činnosti po aplikácii rozvojových projektov. | ||
| 610 | 2 | 0 | |a manažment |
| 610 | 2 | 0 | |a riadenie projektové |
| 610 | 2 | 0 | |a univerzity |
| 610 | 2 | 0 | |a sektor verejný |
| 610 | 2 | 0 | |a projekty |
| 610 | 2 | 0 | |a práca vedecká |
| 100 | 1 | |a Filo, Peter | |